Design and usability of digital libraries : case studies in the Asia-Pacific

Bibliographic Details
Main Authors: Foo, Schubert (Author), Theng, Yin-Leng , 1961- (Author)
Format: Book
Published: Hershey, PA : Information Science Publishing , c2005
Subjects:
Online Access:Table of contents

MARC

LEADER 00000cam a2200000 7i4500
001 0000006608
005 20230327093000.0
008 021119 pau eng
020 |a 159140441X 
020 |a 9781591404415 
090 0 0 |a ZA4080   |b .D47 2005 
245 1 0 |a Design and usability of digital libraries :   |b case studies in the Asia-Pacific   |c Yin-Leng Theng, Schubert Foo, editors 
260 2 |a Hershey, PA :   |b Information Science Publishing ,   |c c2005 
300 |a xiv, 395 p. :   |b ill. ;   |c 27 cm. 
504 |a Includes bibliographical references and index 
650 0 |a Digital libraries   |x Case studies 
650 0 |a Digital libraries   |z Asia   |x Case studies 
650 0 |a Digital libraries   |z Pacific Area   |x Case studies 
650 0 |a Information storage and retrieval systems   |v Case studies 
700 1 |a Foo, Schubert ,   |e author 
700 1 |a Theng, Yin-Leng ,   |d 1961- ,   |e author 
856 4 |3 Table of contents   |u http://www.loc.gov/catdir/toc/ecip051/2004022145.html 
999 |a 1000105604   |b Book   |c OPEN SHELF (30 DAYS)   |e Gong Badak Campus 
999 |a 1000109751   |b Book   |c OPEN SHELF (30 DAYS)   |e Gong Badak Campus